[Event "Barcelona Sant Marti op-B 19th"]
[Site "Barcelona"]
[Date "2017.07.15"]
[Round "3"]
[White "Gomez Guinovart, Josep Manel"]
[Black "Prokudin, Igor"]
[Result "1/2-1/2"]
[WhiteElo "1601"]
[BlackElo "1371"]
[PlyCount "65"]
[EventDate "2017.07.13"]
[EventType "swiss"]
[EventRounds "9"]
[EventCountry "ESP"]
[SourceTitle "EXT 2018"]
[Source "ChessBase"]
[SourceDate "2017.10.13"]
[SourceVersion "1"]
[SourceVersionDate "2017.10.13"]
[SourceQuality "1"]

1. d4 d5 2. Bf4 Nf6 3. Nf3 c6 4. c3 Bf5 5. e3 e6 6. Bd3 Be7 7. Bxf5 exf5 8. 0-0 0-0 9. Qc2 Ne4 10. Nbd2 Nd7 11. h3 Re8 12. Rfd1 Nf8 13. Ne5 Ng6 14. Nxg6 hxg6 15. Nf3 Nf6 16. Qe2 Nd7 17. a3 Nf8 18. Ne5 Ne6 19. Bh2 Bf6 20. Nd3 Rc8 21. Qd2 Be7 22. Rac1 Bd6 23. Bxd6 Qxd6 24. Re1 Nf8 25. Re2 Nd7 26. Rce1 Qc7 27. Qc2 Nf6 28. Rc1 Nd7 29. c4 Nb6 30. c5 Nd7 31. b4 Re7 32. a4 a6 33. Qb3 1/2-1/2

[Event "Sants Hostafrancs op-C 18th"]
[Site "Barcelona"]
[Date "2016.08.22"]
[Round "4"]
[White "Gomez Guinovart, Josep Manel"]
[Black "Brunner, Juergen"]
[Result "0-1"]
[WhiteElo "1669"]
[BlackElo "1755"]
[PlyCount "56"]
[EventDate "2016.08.19"]
[EventType "swiss"]
[EventRounds "10"]
[EventCountry "ESP"]
[SourceTitle "EXT 2019"]
[Source "ChessBase"]
[SourceDate "2018.10.10"]
[SourceVersion "1"]
[SourceVersionDate "2018.10.10"]
[SourceQuality "1"]

1. d4 d5 2. Bf4 Nf6 3. e3 e6 4. Bd3 c5 5. Nf3 b6 6. 0-0 Bb7 7. Nbd2 Be7 8. c3 Nbd7 9. Rc1 0-0 10. Re1 Ne4 11. Ne5 Nxe5 12. Bxe5 Nxd2 13. Qxd2 f5 14. g3 Bf6 15. Bxf6 Qxf6 16. f4 g5 17. Rf1 g4 18. Rf2 Qg6 19. Rg2 Kf7 20. Rf1 h5 21. Rff2 Rh8 22. Qd1 Bc6 23. c4 dxc4 24. Bxc4 Bxg2 25. Kxg2 cxd4 26. Qxd4 Rhd8 27. Qe5 Rac8 28. Bb3 Rc5 0-1

[Event "Sants Hostafrancs op-C 18th"]
[Site "Barcelona"]
[Date "2016.08.21"]
[Round "3"]
[White "Monteagudo Aguilera, Maximo"]
[Black "Gomez Guinovart, Josep Manel"]
[Result "1/2-1/2"]
[WhiteElo "1759"]
[BlackElo "1669"]
[PlyCount "46"]
[EventDate "2016.08.19"]
[EventType "swiss"]
[EventRounds "10"]
[EventCountry "ESP"]
[SourceTitle "EXT 2019"]
[Source "ChessBase"]
[SourceDate "2018.10.10"]
[SourceVersion "1"]
[SourceVersionDate "2018.10.10"]
[SourceQuality "1"]

1. e4 e6 2. d4 d5 3. exd5 exd5 4. Bd3 Bd6 5. Be3 Ne7 6. Nf3 0-0 7. Nbd2 Re8 8. 0-0 Bf5 9. Bxf5 Nxf5 10. Re1 Nd7 11. Nf1 c6 12. Qd3 Nxe3 13. Nxe3 Nf6 14. Nf5 Ne4 15. Nxd6 Nxd6 16. Rxe8+ Nxe8 17. Re1 f6 18. Qf5 Qd6 19. Qe6+ Kf8 20. g4 Qc7 21. g5 Qc8 22. Qxc8 Rxc8 23. gxf6 gxf6 1/2-1/2

[Event "Badalona op-C 41st"]
[Site "Badalona"]
[Date "2015.08.10"]
[Round "9.3"]
[White "Romero Funieles, Rafael de Jesus"]
[Black "Gomez Guinovart, Josep Manel"]
[Result "1-0"]
[WhiteElo "1885"]
[BlackElo "1872"]
[PlyCount "35"]
[EventDate "2015.08.02"]
[EventType "swiss"]
[EventRounds "9"]
[EventCountry "ESP"]
[SourceTitle "EXT 2024"]
[Source "ChessBase"]
[SourceDate "2023.10.10"]
[SourceVersion "1"]
[SourceVersionDate "2023.10.10"]
[SourceQuality "1"]

1. e4 e6 2. Nf3 d5 3. exd5 exd5 4. Be2 Bd6 5. g3 Ne7 6. d4 0-0 7. Bd3 Bf5 8. 0-0 Nd7 9. Bg5 f6 10. Bc1 Re8 11. c4 c6 12. Nc3 Bxd3 13. Qxd3 Nf8 14. a3 a6 15. b4 b5 16. c5 Bb8 17. Be3 a5 18. Ra2 1-0

[Event "Badalona op-C 41st"]
[Site "Badalona"]
[Date "2015.08.08"]
[Round "7.10"]
[White "Gomez Albamonte, Sonia"]
[Black "Gomez Guinovart, Josep Manel"]
[Result "0-1"]
[WhiteElo "1776"]
[BlackElo "1872"]
[PlyCount "106"]
[EventDate "2015.08.02"]
[EventType "swiss"]
[EventRounds "9"]
[EventCountry "ESP"]
[SourceTitle "EXT 2024"]
[Source "ChessBase"]
[SourceDate "2023.10.10"]
[SourceVersion "1"]
[SourceVersionDate "2023.10.10"]
[SourceQuality "1"]

1. d4 Nf6 2. Nf3 e6 3. Bf4 d5 4. e3 c6 5. Be2 Bd6 6. Bxd6 Qxd6 7. Nbd2 Nbd7 8. h3 0-0 9. 0-0 e5 10. dxe5 Nxe5 11. Nxe5 Qxe5 12. Nf3 Qxb2 13. Qd2 Ne4 14. Qd3 Qf6 15. c4 Be6 16. cxd5 Bxd5 17. Nd4 Nc5 18. Qd2 Rad8 19. Qb4 b6 20. a4 Ne6 21. Nf3 Ng5 22. Qg4 Nxf3+ 23. Bxf3 Bxf3 24. gxf3 Qg6 25. Ra2 Rd6 26. Kh2 Qxg4 27. fxg4 Rfd8 28. Rc1 c5 29. Rb2 Rd2 30. Rcc2 Rxc2 31. Rxc2 g6 32. a5 Kf8 33. Kg3 Ke7 34. Rb2 Rd7 35. f4 c4 36. axb6 axb6 37. Kf2 c3 38. Ra2 Rd2+ 39. Rxd2 cxd2 40. Ke2 Kd6 41. Kxd2 Kd5 42. Kd3 f5 43. gxf5 gxf5 44. h4 b5 45. h5 b4 46. Kc2 Ke4 47. Kb3 Kxe3 48. Kxb4 Kxf4 49. Kc3 Ke3 50. Kc2 Ke2 51. Kc1 f4 52. Kb2 f3 53. Kc3 f2 0-1

[Event "Badalona op-C 41st"]
[Site "Badalona"]
[Date "2015.08.05"]
[Round "4.8"]
[White "Gomez Guinovart, Josep Manel"]
[Black "Pico Garcia, Antoni"]
[Result "1/2-1/2"]
[WhiteElo "1872"]
[BlackElo "1776"]
[PlyCount "49"]
[EventDate "2015.08.02"]
[EventType "swiss"]
[EventRounds "9"]
[EventCountry "ESP"]
[SourceTitle "EXT 2024"]
[Source "ChessBase"]
[SourceDate "2023.10.10"]
[SourceVersion "1"]
[SourceVersionDate "2023.10.10"]
[SourceQuality "1"]

1. d4 d5 2. Nf3 Nc6 3. Bf4 Bf5 4. a3 e6 5. e3 a6 6. c4 Nge7 7. Nc3 Ng6 8. Bg3 Be7 9. Be2 0-0 10. 0-0 Bd6 11. Bxd6 Qxd6 12. Rc1 Rad8 13. h3 Qe7 14. cxd5 exd5 15. Na4 Nh4 16. Bxa6 Nxf3+ 17. Qxf3 Bc8 18. Bd3 Qg5 19. Nc3 Ne7 20. Ne2 c6 21. Ng3 Ng6 22. Kh2 Qe7 23. Rc2 Nh4 24. Qh5 Ng6 25. Qf3 1/2-1/2

[Event "Badalona op-C 41st"]
[Site "Badalona"]
[Date "2015.08.02"]
[Round "1.10"]
[White "Cespedes, Cristoffer Adrian"]
[Black "Gomez Guinovart, Josep Manel"]
[Result "1-0"]
[WhiteElo "1705"]
[BlackElo "1872"]
[PlyCount "149"]
[EventDate "2015.08.02"]
[EventType "swiss"]
[EventRounds "9"]
[EventCountry "ESP"]
[SourceTitle "EXT 2024"]
[Source "ChessBase"]
[SourceDate "2023.10.10"]
[SourceVersion "1"]
[SourceVersionDate "2023.10.10"]
[SourceQuality "1"]

1. d4 Nf6 2. Nf3 e6 3. e3 d5 4. Bd3 Be7 5. Nbd2 0-0 6. 0-0 Nbd7 7. b3 Re8 8. Bb2 b6 9. Ne5 Bb7 10. Kh1 c6 11. f4 Qc7 12. Qe2 Nf8 13. Rae1 Rad8 14. Ndf3 h6 15. Nd2 Bc8 16. Rf3 N6d7 17. Rh3 f5 18. Qh5 Nxe5 19. fxe5 Nh7 20. Qg6 Nf8 21. Qh5 Nh7 22. Qg6 Nf8 23. Qh5 Nh7 24. Nf3 Bf8 25. Rg3 Kh8 26. Nh4 g5 27. Ng6+ Kg8 28. Nxf8 Rxf8 29. Qxh6 g4 30. h3 Rf7 31. hxg4 f4 32. Rh3 Rg7 33. Bxh7+ Rxh7 34. Qxh7+ Qxh7 35. Rxh7 Kxh7 36. exf4 Kg6 37. g3 Rh8+ 38. Kg2 Bd7 39. c4 b5 40. cxd5 cxd5 41. Rc1 Rc8 42. Rxc8 Bxc8 43. Kf2 a5 44. Ke3 Bd7 45. Kd3 Bc8 46. b4 a4 47. Ke3 Bd7 48. Kf2 Bc8 49. Kg2 Bd7 50. Kh3 Bc8 51. Kh4 Bd7 52. f5+ exf5 53. gxf5+ Bxf5 54. g4 Be6 55. Bc1 Bd7 56. Kg3 Be6 57. Kf4 Bd7 58. e6 Bxe6 59. Ke5 Bxg4 60. Kxd5 Kf6 61. Kc5 Ke7 62. Kxb5 Bd7+ 63. Kc5 Kd8 64. b5 Kc7 65. a3 Kb7 66. Bf4 Be8 67. d5 Bd7 68. Be3 Kc7 69. d6+ Kb7 70. Kb4 Ka8 71. Kxa4 Kb7 72. Kb4 Ka8 73. Kc5 Kb7 74. a4 Ka8 75. Kb6 1-0

[Event "Barcelona Sant Marti op-B 17th"]
[Site "Barcelona"]
[Date "2015.07.21"]
[Round "9"]
[White "Valbuena Castro, Gregorio"]
[Black "Gomez Guinovart, Josep Manel"]
[Result "0-1"]
[WhiteElo "1944"]
[BlackElo "1861"]
[PlyCount "59"]
[EventDate "2015.07.13"]
[EventType "swiss"]
[EventRounds "9"]
[EventCountry "ESP"]
[SourceTitle "EXT 2016"]
[Source "ChessBase"]
[SourceDate "2015.10.08"]
[SourceVersion "1"]
[SourceVersionDate "2015.10.08"]
[SourceQuality "1"]

1. e4 e6 2. d4 d5 3. e5 c5 4. c3 Nc6 5. Nf3 Qb6 6. Bd3 Bd7 7. 0-0 cxd4 8. cxd4 Nxd4 9. Nxd4 Qxd4 10. Nc3 Qxe5 11. Re1 Qd6 12. Nb5 Qb8 13. Qf3 Bd6 14. Qxd5 Bxh2+ 15. Kh1 a6 16. Nd4 Ne7 17. Qh5 Bf4 18. Nxe6 Bxe6 19. Rxe6 Bxc1 20. Rxc1 g6 21. Bxg6 fxg6 22. Qe2 Qf4 23. Rxe7+ Kf8 24. Rcc7 Rb8 25. Rg7 Re8 26. Rge7 Qh4+ 27. Kg1 Rxe7 28. Rc8+ Kg7 29. Rc7 Rhe8 30. Qe5+ 0-1

[Event "Barcelona Sant Marti op-B 16th"]
[Site "Barcelona"]
[Date "2014.07.13"]
[Round "1"]
[White "Cervello Tost, Roger"]
[Black "Gomez Guinovart, Josep Manel"]
[Result "1-0"]
[WhiteElo "2084"]
[BlackElo "1873"]
[PlyCount "41"]
[EventDate "2014.07.13"]
[EventType "swiss"]
[EventRounds "9"]
[EventCountry "ESP"]
[SourceTitle "CBM 161 Extra"]
[Source "ChessBase"]
[SourceDate "2014.08.29"]
[SourceVersion "1"]
[SourceVersionDate "2014.08.29"]
[SourceQuality "1"]

1. e4 e6 2. d4 d5 3. Nc3 Nf6 4. e5 Nfd7 5. f4 a6 6. Nf3 c5 7. Be3 cxd4 8. Nxd4 Bb4 9. Qg4 0-0 10. Be2 Nc5 11. 0-0 Bxc3 12. bxc3 Ne4 13. f5 exf5 14. Nxf5 g6 15. Nh6+ Kg7 16. Qf3 Be6 17. Bd3 Ng5 18. Qf6+ Qxf6 19. exf6+ Kxh6 20. Rf4 Nh3+ 21. gxh3 1-0

[Event "San Marti op U20 12th"]
[Site "San Marti"]
[Date "2010.07.15"]
[Round "3"]
[White "Gomez Guinovart, Josep Manel"]
[Black "Amor Alcaide, Manuel"]
[Result "1-0"]
[WhiteElo "1748"]
[BlackElo "1978"]
[PlyCount "95"]
[EventDate "2010.07.13"]
[EventType "swiss"]
[EventRounds "9"]
[EventCountry "ESP"]
[SourceTitle "EXT 2012"]
[Source "ChessBase"]
[SourceDate "2011.11.24"]
[SourceVersion "1"]
[SourceVersionDate "2011.11.24"]
[SourceQuality "1"]

1. d4 d6 2. Bf4 Nf6 3. h3 c6 4. Nf3 Qb6 5. b3 Nd5 6. Bg3 g6 7. c4 Nf6 8. e3 Ne4 9. Bf4 Bg7 10. Bd3 Qa5+ 11. Nbd2 Bf5 12. Qc2 Nxd2 13. Nxd2 Bxd3 14. Qxd3 Nd7 15. 0-0 0-0 16. Nf3 Rad8 17. Qe2 c5 18. Rad1 Rfe8 19. d5 Qa3 20. Rd2 a6 21. e4 Qb4 22. Rd3 b5 23. Bd2 Qa3 24. Bc1 Qa5 25. Qc2 Rc8 26. Bd2 Qb6 27. Bc3 Rc7 28. Bxg7 Kxg7 29. Rc1 Rec8 30. Qc3+ f6 31. Ng5 bxc4 32. Ne6+ Kg8 33. Qd2 Nf8 34. Nxf8 Rxf8 35. Rxc4 Kg7 36. h4 Re8 37. f4 e6 38. dxe6 Rxe6 39. f5 Ree7 40. Rxd6 Qa7 41. h5 Re5 42. h6+ Kf7 43. Rd8 gxf5 44. Rh8 Ke6 45. Re8+ Kf7 46. Rxe5 fxe5 47. Qd5+ Kf6 48. exf5 1-0

[Event "Barbera del Valles op-B 30th"]
[Site "Barbera del Valles"]
[Date "2007.07.07"]
[Round "2"]
[White "Vives Cabau, Jordi"]
[Black "Gomez Guinovart, Josep Manel"]
[Result "1-0"]
[WhiteElo "2025"]
[BlackElo "1676"]
[PlyCount "99"]
[EventDate "2007.07.06"]
[EventType "swiss"]
[EventRounds "7"]
[EventCountry "ESP"]
[SourceTitle "EXT 2008"]
[Source "ChessBase"]
[SourceDate "2007.11.25"]
[SourceVersion "1"]
[SourceVersionDate "2007.11.25"]
[SourceQuality "1"]

1. e4 e6 2. d4 d5 3. e5 c5 4. c3 Qb6 5. Nf3 Nc6 6. a3 Bd7 7. b4 cxd4 8. cxd4 a6 9. Nc3 Na7 10. Na4 Bxa4 11. Qxa4+ Qc6 12. Qxc6+ Nxc6 13. Bd2 b5 14. Rc1 Kd7 15. Bd3 f6 16. 0-0 Nge7 17. Bf4 Nc8 18. exf6 gxf6 19. Rfe1 Bd6 20. Bg3 Bxg3 21. hxg3 N8e7 22. Rc2 Rac8 23. Kf1 Ng6 24. Ke2 Rhg8 25. Rh1 Rg7 26. Ke3 Nce7 27. Rc5 Rc7 28. Rhc1 Rc6 29. Ra1 e5 30. Rxc6 Nxc6 31. Bf5+ Kd6 32. Bxg6 hxg6 33. dxe5+ fxe5 34. Rh1 Ne7 35. g4 Ng8 36. Rc1 Nf6 37. g5 Ng4+ 38. Ke2 e4 39. Nd4 Rc7 40. Rxc7 Kxc7 41. f3 exf3+ 42. gxf3 Ne5 43. f4 Nd7 44. f5 gxf5 45. g6 Nf6 46. Nxf5 Kd7 47. Kd3 Ke6 48. Nd4+ Kd7 49. Nb3 Kc6 50. Kd4 1-0

[Event "Barbera del Valles op-B 30th"]
[Site "Barbera del Valles"]
[Date "2007.07.06"]
[Round "1"]
[White "Gomez Guinovart, Josep Manel"]
[Black "Amor Alcaide, Manuel"]
[Result "1-0"]
[WhiteElo "1676"]
[BlackElo "2029"]
[PlyCount "85"]
[EventDate "2007.07.06"]
[EventType "swiss"]
[EventRounds "7"]
[EventCountry "ESP"]
[SourceTitle "EXT 2008"]
[Source "ChessBase"]
[SourceDate "2007.11.25"]
[SourceVersion "1"]
[SourceVersionDate "2007.11.25"]
[SourceQuality "1"]

1. d4 d5 2. c4 dxc4 3. e3 Nf6 4. Bxc4 e6 5. Nf3 b6 6. 0-0 Bb7 7. Nc3 Be7 8. Qe2 0-0 9. Bd2 Nc6 10. Rfc1 a6 11. a3 Qd6 12. Rc2 Na5 13. Ba2 Nc6 14. Rac1 Rac8 15. Bb3 b5 16. Na2 Rfd8 17. Nb4 Na5 18. Ba2 Qb6 19. Nd3 Be4 20. Rc3 Nd5 21. R3c2 b4 22. Bxd5 exd5 23. Bxb4 Bxb4 24. axb4 Nc4 25. b3 Nd6 26. Nfe5 f6 27. Nc6 Re8 28. Rc5 Nb5 29. Nb2 Qb7 30. Na4 Re6 31. Qg4 f5 32. Qh4 Rce8 33. Nd8 Qc8 34. Nxe6 Rxe6 35. Rc6 Re8 36. Nc5 f4 37. Qxf4 Rf8 38. Qe5 Re8 39. Qg3 Bg6 40. Nxa6 Re7 41. Nxc7 Nxc7 42. Rxc7 Rxc7 43. Qxc7 1-0